[Event "PNWCC vs Europe Hybrid 08"]
[Site "Chess.com INT"]
[Date "2022.08.22"]
[Round "8"]
[White "Vemparala, Nikash"]
[Black "Jovchev, Aleksi"]
[Result "1/2-1/2"]
[WhiteElo "2034"]
[BlackElo "2162"]
[PlyCount "95"]
[EventDate "2022.08.19"]
[EventType "team-match"]
[EventRounds "8"]
[EventCountry "USA"]
[SourceTitle "EXT 2024"]
[Source "ChessBase"]
[SourceDate "2023.10.10"]
[SourceVersion "1"]
[SourceVersionDate "2023.10.10"]
[SourceQuality "1"]
[WhiteTeam "PNWCC"]
[BlackTeam "Europe"]
[WhiteTeamCountry "USA"]

1. e4 b6 2. d4 Bb7 3. Bd3 g6 4. Nf3 Bg7 5. c3 e6 6. Qe2 h6 7. 0-0 Ne7 8. Nbd2 d6 9. Re1 Nd7 10. Nf1 a6 11. Ng3 c5 12. h4 Qc7 13. Bd2 Qb8 14. Rab1 Qa7 15. b4 cxd4 16. cxd4 Rc8 17. Rbc1 0-0 18. h5 Rxc1 19. Rxc1 Rc8 20. Re1 e5 21. d5 a5 22. Nh4 Nf8 23. Qg4 Rc7 24. f4 Bc8 25. Qf3 exf4 26. Bxf4 g5 27. Bxd6 gxh4 28. Bxc7 Qxc7 29. Nf5 Bxf5 30. exf5 Bf6 31. bxa5 bxa5 32. Qg4+ Kh8 33. Kh1 Qc3 34. Rd1 Nxd5 35. Qf3 Qc5 36. Re1 Bg5 37. Qe4 Nf6 38. Qe7 N8d7 39. Qxf7 Ne5 40. Qb3 Nfg4 41. Qb8+ Kg7 42. Qb7+ Nf7 43. f6+ Bxf6 44. Bg6 Nf2+ 45. Kh2 Ng4+ 46. Kh1 Nf2+ 47. Kh2 Ng4+ 48. Kh1 1/2-1/2

[Event "PNWCC vs Europe Hybrid 08"]
[Site "Chess.com INT"]
[Date "2022.08.21"]
[Round "5"]
[White "Krishnan, Varun"]
[Black "Jovchev, Aleksi"]
[Result "1/2-1/2"]
[WhiteElo "2237"]
[BlackElo "2162"]
[PlyCount "39"]
[EventDate "2022.08.19"]
[EventType "team-match"]
[EventRounds "8"]
[EventCountry "USA"]
[SourceTitle "EXT 2024"]
[Source "ChessBase"]
[SourceDate "2023.10.10"]
[SourceVersion "1"]
[SourceVersionDate "2023.10.10"]
[SourceQuality "1"]
[WhiteTeam "PNWCC"]
[BlackTeam "Europe"]
[WhiteTeamCountry "USA"]

1. e4 e5 2. Nf3 Nc6 3. Bb5 f5 4. d4 fxe4 5. Nxe5 Nxe5 6. dxe5 c6 7. Nc3 cxb5 8. Nxe4 d5 9. exd6 Nf6 10. Bg5 Qa5+ 11. Nc3 b4 12. Bxf6 Qf5 13. Qe2+ Kf7 14. 0-0-0 gxf6 15. Qc4+ Be6 16. Qxb4 Rd8 17. Rhe1 Rd7 18. Ne4 Bh6+ 19. Kb1 Rc8 20. b3 1/2-1/2

[Event "PNWCC-Bulgaria Hybrid m3"]
[Site "Chess.com INT"]
[Date "2022.01.30"]
[Round "3"]
[White "Jovchev, Aleksi"]
[Black "Sivakumar, Shaashwath"]
[Result "1-0"]
[WhiteElo "2224"]
[BlackElo "2127"]
[PlyCount "121"]
[EventDate "2022.01.29"]
[EventType "team-match"]
[EventRounds "4"]
[EventCountry "USA"]
[SourceTitle "CBM 206 Extra"]
[Source "ChessBase"]
[SourceDate "2022.03.31"]
[SourceVersion "1"]
[SourceVersionDate "2022.03.31"]
[SourceQuality "1"]
[WhiteTeam "Bulgaria"]
[BlackTeam "PNWCC"]
[WhiteTeamCountry "BUL"]
[BlackTeamCountry "USA"]

1. d4 d5 2. Nc3 Nf6 3. Bg5 e6 4. e4 Be7 5. e5 Ng8 6. h4 Bxg5 7. hxg5 Qxg5 8. Nf3 Qe7 9. Bd3 g6 10. Qd2 b6 11. 0-0-0 Ba6 12. Nb5 Bb7 13. Ng5 Nc6 14. Nxh7 0-0-0 15. c3 a6 16. Na3 f6 17. exf6 Nxf6 18. Nxf6 Qxf6 19. f4 Rdf8 20. g3 Ne7 21. Nc2 Nf5 22. Bxf5 Qxf5 23. Rhe1 Qg4 24. Re3 Rh3 25. Qe1 Kb8 26. Nb4 Rfh8 27. Nd3 a5 28. Nf2 Qf5 29. Re5 Qf7 30. Nxh3 Rxh3 31. Rxe6 Bc8 32. Re7 Qf6 33. Re8 Qf5 34. Qe5 Qd7 35. f5 gxf5 36. Re1 Kb7 37. Rh8 Rxh8 38. Qxh8 Qa4 39. Re8 Bd7 40. Ra8 Qc4 41. Rb8+ Ka6 42. Ra8+ Kb7 43. Qb8+ Kc6 44. Ra7 Qf1+ 45. Kc2 Qe2+ 46. Kb3 Qd1+ 47. Ka3 Kb5 48. Rxa5+ Kxa5 49. Qa8+ Kb5 50. Qxd5+ Ka6 51. Qxd7 Qf3 52. Qxc7 Qd5 53. Qe5 Qf3 54. d5 Qd1 55. d6 b5 56. Qd4 Qe2 57. Qc5 Qe4 58. b3 Qe1 59. Qc6+ Ka7 60. Qxb5 Qxc3 61. Qa4+ 1-0

[Event "PNWCC-Bulgaria Hybrid m2"]
[Site "Chess.com INT"]
[Date "2021.12.19"]
[Round "4"]
[White "Sivakumar, Shaaketh"]
[Black "Jovchev, Aleksi"]
[Result "1-0"]
[WhiteElo "2109"]
[BlackElo "2262"]
[PlyCount "83"]
[EventDate "2021.12.18"]
[EventType "team-match"]
[EventRounds "12"]
[EventCountry "USA"]
[SourceTitle "CBM 206 Extra"]
[Source "ChessBase"]
[SourceDate "2022.03.31"]
[SourceVersion "1"]
[SourceVersionDate "2022.03.31"]
[SourceQuality "1"]
[WhiteTeam "PNWCC"]
[BlackTeam "Bulgaria"]
[WhiteTeamCountry "USA"]
[BlackTeamCountry "BUL"]

1. e4 e5 2. Nf3 Nc6 3. Bc4 Nf6 4. d3 Bc5 5. 0-0 a6 6. Nc3 d6 7. Be3 Bxe3 8. fxe3 Na5 9. Bb3 0-0 10. Qe1 Nxb3 11. axb3 c6 12. Ne2 d5 13. Nxe5 dxe4 14. d4 Nd5 15. Nc3 Qg5 16. Nxe4 Qxe3+ 17. Qxe3 Nxe3 18. Rf2 f6 19. Nc4 Nxc4 20. bxc4 Be6 21. Nc5 Bxc4 22. b3 Bf7 23. Nxb7 Rfb8 24. Na5 Rb6 25. Rf5 Rb5 26. Nxc6 Rxf5 27. Ne7+ Kf8 28. Nxf5 Bg6 29. Ne3 Ke7 30. c4 Kd6 31. b4 Kc7 32. Ra5 Kb7 33. d5 Re8 34. Kf2 Re4 35. d6 Rd4 36. Rd5 Rxd5 37. Nxd5 Kc6 38. c5 Be8 39. Nc7 Bd7 40. Nxa6 Kb5 41. Nb8 Be6 42. d7 1-0

[Event "PNWCC-Bulgaria Hybrid m2"]
[Site "Chess.com INT"]
[Date "2021.12.18"]
[Round "2"]
[White "Jovchev, Aleksi"]
[Black "Mei, Austin"]
[Result "0-1"]
[WhiteElo "2262"]
[BlackElo "2069"]
[PlyCount "60"]
[EventDate "2021.12.18"]
[EventType "team-match"]
[EventRounds "12"]
[EventCountry "USA"]
[SourceTitle "CBM 206 Extra"]
[Source "ChessBase"]
[SourceDate "2022.03.31"]
[SourceVersion "1"]
[SourceVersionDate "2022.03.31"]
[SourceQuality "1"]
[WhiteTeam "Bulgaria"]
[BlackTeam "PNWCC"]
[WhiteTeamCountry "BUL"]
[BlackTeamCountry "USA"]

1. d4 Nf6 2. Bg5 Ne4 3. Bf4 d5 4. f3 Nf6 5. e4 dxe4 6. Nc3 exf3 7. Qxf3 c6 8. Nge2 Bg4 9. Qf2 e6 10. h3 Bf5 11. 0-0-0 Bb4 12. g4 Bg6 13. Bg2 Nbd7 14. a3 Be7 15. Qg3 Rc8 16. h4 h5 17. g5 Nd5 18. Be5 0-0 19. Be4 N7b6 20. Bxg6 fxg6 21. Qd3 Kh7 22. Nxd5 cxd5 23. Nf4 Rf5 24. Nxe6 Qd7 25. Rhe1 Qxe6 26. Bf6 Rxf6 27. Rxe6 Rxe6 28. Rf1 Rf8 29. Rxf8 Bxf8 30. Kb1 Re4 0-1

[Event "PNWCC-Bulgaria Hybrid m2"]
[Site "Chess.com INT"]
[Date "2021.12.18"]
[Round "1"]
[White "Mei, Austin"]
[Black "Jovchev, Aleksi"]
[Result "1-0"]
[WhiteElo "2069"]
[BlackElo "2262"]
[PlyCount "25"]
[EventDate "2021.12.18"]
[EventType "team-match"]
[EventRounds "12"]
[EventCountry "USA"]
[SourceTitle "CBM 206 Extra"]
[Source "ChessBase"]
[SourceDate "2022.03.31"]
[SourceVersion "1"]
[SourceVersionDate "2022.03.31"]
[SourceQuality "1"]
[WhiteTeam "PNWCC"]
[BlackTeam "Bulgaria"]
[WhiteTeamCountry "USA"]
[BlackTeamCountry "BUL"]

1. e4 e5 2. f4 d5 3. exd5 exf4 4. Nf3 Nf6 5. Bc4 Nxd5 6. Qe2+ Be7 7. d4 0-0 8. Bxd5 Bh4+ 9. Kf1 Qxd5 10. Nxh4 Qxd4 11. Nf3 Qf6 12. Nc3 Nc6 13. Qe4 1-0

[Event "BUL-chT 64th"]
[Site "Sunny Beach"]
[Date "2014.09.25"]
[Round "7.4"]
[White "Jovchev, Aleksi"]
[Black "Todorov, Ognjan"]
[Result "1-0"]
[WhiteElo "2278"]
[BlackElo "2258"]
[PlyCount "39"]
[EventDate "2014.09.19"]
[EventType "team-tourn"]
[EventRounds "7"]
[EventCountry "BUL"]
[SourceTitle "CBM 162 Extra"]
[Source "ChessBase"]
[SourceDate "2014.10.17"]
[SourceVersion "1"]
[SourceVersionDate "2014.10.17"]
[SourceQuality "1"]
[WhiteTeam "Sofia CSKA"]
[BlackTeam "Sofia Lokomotiv"]
[WhiteTeamCountry "BUL"]
[BlackTeamCountry "BUL"]

1. e4 c5 2. Nf3 e6 3. d4 cxd4 4. Nxd4 Nc6 5. Nc3 Qc7 6. Be3 a6 7. Qd2 Nf6 8. 0-0-0 Be7 9. f3 b5 10. Kb1 Bb7 11. g4 Nxd4 12. Bxd4 Rc8 13. g5 Nh5 14. Be5 Qxe5 15. Qxd7+ Kf8 16. Qxb7 Rb8 17. Qxa6 Qxg5 18. Qa7 Qe5 19. Rd7 Re8 20. Bxb5 1-0

[Event "BUL-chT 61th"]
[Site "Albena"]
[Date "2011.06.08"]
[Round "7.1"]
[White "Kukov, Velislav"]
[Black "Jovchev, Aleksi"]
[Result "1/2-1/2"]
[WhiteElo "2365"]
[BlackElo "2282"]
[PlyCount "107"]
[EventDate "2011.06.02"]
[EventType "team-tourn"]
[EventRounds "7"]
[EventCountry "BUL"]
[SourceTitle "CBM 142 Extra"]
[Source "ChessBase"]
[SourceDate "2011.06.27"]
[SourceVersion "1"]
[SourceVersionDate "2011.06.27"]
[SourceQuality "1"]
[WhiteTeam "Maritsa Iztok Radnevo"]
[BlackTeam "Sofia CSKA"]
[WhiteTeamCountry "BUL"]
[BlackTeamCountry "BUL"]

1. d4 Nf6 2. Nf3 d5 3. c4 e6 4. g3 c6 5. Qc2 Ne4 6. Bg2 f5 7. 0-0 Bd6 8. Nfd2 0-0 9. Nxe4 dxe4 10. Nc3 e5 11. Rd1 Nd7 12. c5 Be7 13. d5 Qe8 14. d6 Bd8 15. Na4 Nf6 16. Bg5 Nd5 17. Bxd8 Qxd8 18. Nc3 Be6 19. Nxd5 cxd5 20. b4 d4 21. f3 Qg5 22. fxe4 f4 23. Rd3 Rf6 24. Rf1 Rh6 25. b5 Qh5 26. h4 fxg3 27. Rxg3 Qxh4 28. Rff3 Rf8 29. Rxf8+ Kxf8 30. Rf3+ Rf6 31. c6 Qe1+ 32. Bf1 Rxf3 33. exf3 bxc6 34. bxc6 d3 35. Qxd3 Qg3+ 36. Bg2 Bh3 37. Qd2 Bxg2 38. Qxg2 Qe1+ 39. Qf1 Qg3+ 40. Qg2 Qe1+ 41. Qf1 Qg3+ 42. Kh1 Qh4+ 43. Kg2 Qg5+ 44. Kf2 Qd2+ 45. Qe2 Qxd6 46. Qc2 Qc7 47. Qc4 Ke7 48. Qc5+ Ke6 49. Qd5+ Kf6 50. Ke2 g5 51. Qc5 Ke6 52. Qd5+ Kf6 53. Qc5 Ke6 54. Qd5+ 1/2-1/2

[Event "BUL-chT 61th"]
[Site "Albena"]
[Date "2011.06.06"]
[Round "5.1"]
[White "Jovchev, Aleksi"]
[Black "Kozhuharov, Spas"]
[Result "1/2-1/2"]
[WhiteElo "2282"]
[BlackElo "2436"]
[PlyCount "60"]
[EventDate "2011.06.02"]
[EventType "team-tourn"]
[EventRounds "7"]
[EventCountry "BUL"]
[SourceTitle "CBM 142 Extra"]
[Source "ChessBase"]
[SourceDate "2011.06.27"]
[SourceVersion "1"]
[SourceVersionDate "2011.06.27"]
[SourceQuality "1"]
[WhiteTeam "Sofia CSKA"]
[BlackTeam "Plovdiv Lokomotiv 2000"]
[WhiteTeamCountry "BUL"]
[BlackTeamCountry "BUL"]

1. d4 d5 2. c4 dxc4 3. Nf3 a6 4. e3 Nf6 5. Bxc4 e6 6. 0-0 b5 7. Be2 Bb7 8. a4 b4 9. Ne5 c5 10. Bf3 Qc7 11. Nd2 Nbd7 12. Ndc4 Nxe5 13. Bxb7 Neg4 14. Ne5 Qxb7 15. Nxg4 Rd8 16. Nxf6+ gxf6 17. b3 Rg8 18. g3 cxd4 19. exd4 Qd5 20. Qe2 Qxb3 21. Qxa6 Bd6 22. Bd2 Qd5 23. Qb5+ Ke7 24. Bxb4 Qxb5 25. Bxd6+ Rxd6 26. axb5 Rxd4 27. Ra7+ Rd7 28. b6 Rb8 29. Rd1 Rbb7 30. Kg2 f5 1/2-1/2

[Event "BUL-chT 61th"]
[Site "Albena"]
[Date "2011.06.05"]
[Round "4.1"]
[White "Jovchev, Aleksi"]
[Black "Vasilev, Milen"]
[Result "0-1"]
[WhiteElo "2282"]
[BlackElo "2474"]
[PlyCount "88"]
[EventDate "2011.06.02"]
[EventType "team-tourn"]
[EventRounds "7"]
[EventCountry "BUL"]
[SourceTitle "CBM 142 Extra"]
[Source "ChessBase"]
[SourceDate "2011.06.27"]
[SourceVersion "1"]
[SourceVersionDate "2011.06.27"]
[SourceQuality "1"]
[WhiteTeam "Sofia CSKA"]
[BlackTeam "Razgrad Abritus"]
[WhiteTeamCountry "BUL"]
[BlackTeamCountry "BUL"]

1. d4 d5 2. c4 c6 3. Nf3 dxc4 4. e3 Be6 5. Nc3 b5 6. Be2 Nf6 7. 0-0 Nbd7 8. Ng5 Bf5 9. e4 Bg6 10. e5 Nd5 11. e6 N7f6 12. Re1 fxe6 13. Nxe6 Qc8 14. Nxd5 cxd5 15. Bg4 Qc6 16. Bg5 h5 17. Bxf6 gxf6 18. Bf3 Rc8 19. Qe2 Qd6 20. Bxd5 Qxd5 21. Nxf8 Kxf8 22. Qxe7+ Kg8 23. Qxf6 Rc6 24. Qf4 Re6 25. Qb8+ Kg7 26. Qxa7+ Kh6 27. Qa5 Rhe8 28. Qd2+ Qg5 29. Qc3 Be4 30. f3 Bd5 31. Rxe6+ Rxe6 32. Re1 Rg6 33. g3 Re6 34. Re5 Rxe5 35. dxe5 Kh7 36. Kf2 Qf5 37. a3 Kg6 38. Qe3 Qc2+ 39. Qe2 Qxe2+ 40. Kxe2 Kf5 41. g4+ Kf4 42. gxh5 Bxf3+ 43. Kf2 Bxh5 44. Ke1 Kxe5 0-1

[Event "BUL-chT-B 60th"]
[Site "Albena"]
[Date "2010.06.01"]
[Round "8.3"]
[White "Jovchev, Aleksi"]
[Black "Stoynov, Ivan"]
[Result "0-1"]
[WhiteElo "2275"]
[BlackElo "2300"]
[PlyCount "142"]
[EventDate "2010.05.27"]
[EventType "team-tourn"]
[EventRounds "9"]
[EventCountry "BUL"]
[SourceTitle "CBM 136 Extra"]
[Source "ChessBase"]
[SourceDate "2010.07.02"]
[SourceVersion "2"]
[SourceVersionDate "2010.07.15"]
[SourceQuality "1"]
[WhiteTeam "Pleven Spartak XXI"]
[BlackTeam "Sofia Slavia"]
[WhiteTeamCountry "BUL"]
[BlackTeamCountry "BUL"]

1. d4 c5 2. d5 e5 3. f4 exf4 4. Bxf4 d6 5. Nf3 Nf6 6. e4 Be7 7. Nbd2 0-0 8. h3 Nh5 9. Be3 Ng3 10. Rg1 Nxf1 11. Rxf1 Bf6 12. c3 b6 13. Kf2 Re8 14. Bf4 Ba6 15. Re1 Be7 16. b3 Bf8 17. Kg1 Nd7 18. Nc4 Qb8 19. Qc2 b5 20. Na5 Qc7 21. b4 cxb4 22. Nc6 bxc3 23. Qxc3 Nf6 24. Qb4 Qb6+ 25. Be3 Nxd5 26. Bxb6 Nxb4 27. Nxb4 axb6 28. Nd5 Rac8 29. Nxb6 Rc2 30. Nd4 Rd2 31. Nb3 Rb2 32. Nd5 Bb7 33. Nc7 Re5 34. Nd5 f5 35. Na5 Ba8 36. a4 Bxd5 37. exd5 Rxd5 38. axb5 Rbxb5 39. Nc6 Rdc5 40. Ne7+ Kf7 41. Ra7 Ra5 42. Rb7 Rcb5 43. Rc7 Kf6 44. Nc6 Ra8 45. Nd4 Re5 46. Rf1 Rae8 47. g4 g6 48. Rxh7 Re4 49. Nf3 Bg7 50. gxf5 g5 51. Rh5 Re3 52. Nxg5 Rg3+ 53. Kh2 Rxg5 54. Rxg5 Kxg5 55. Rg1+ Kf6 56. Rg6+ Kf7 57. Kg3 Bf6 58. Rg4 Rg8 59. Kf4 d5 60. Ke3 Ra8 61. Rb4 d4+ 62. Kf4 Rd8 63. Rb7+ Kf8 64. Rb6 Ke7 65. Ke4 d3 66. Rb7+ Ke8 67. Rb1 d2 68. Rd1 Bg5 69. Kf3 Kf7 70. Ke2 Re8+ 71. Kd3 Re1 0-1

[Event "BUL-chT-B 60th"]
[Site "Albena"]
[Date "2010.05.29"]
[Round "4.5"]
[White "Jovchev, Aleksi"]
[Black "Bonev, Todor"]
[Result "0-1"]
[WhiteElo "2275"]
[BlackElo "2260"]
[PlyCount "136"]
[EventDate "2010.05.27"]
[EventType "team-tourn"]
[EventRounds "9"]
[EventCountry "BUL"]
[SourceTitle "CBM 136 Extra"]
[Source "ChessBase"]
[SourceDate "2010.07.02"]
[SourceVersion "2"]
[SourceVersionDate "2010.07.15"]
[SourceQuality "1"]
[WhiteTeam "Pleven Spartak XXI"]
[BlackTeam "Blagoevgrad Victory"]
[WhiteTeamCountry "BUL"]
[BlackTeamCountry "BUL"]

1. e4 c5 2. Nf3 e6 3. d4 cxd4 4. Nxd4 Bc5 5. Nb3 Bb6 6. Nc3 Ne7 7. g3 Nbc6 8. Bg2 0-0 9. Bf4 f5 10. Bd6 Bc7 11. Nb5 Bxd6 12. Nxd6 f4 13. Qd2 Ng6 14. 0-0-0 Nce5 15. h4 Qf6 16. h5 Ne7 17. Rh4 fxg3 18. fxg3 Qf2 19. Qxf2 Rxf2 20. Rd2 Rxd2 21. Nxd2 b6 22. Bf1 Rb8 23. N2c4 N7c6 24. Nxe5 Nxe5 25. Rf4 Bb7 26. Nxb7 Rxb7 27. Kd2 Rc7 28. b3 a5 29. a4 Rc5 30. c3 Nf7 31. Be2 Kf8 32. b4 Rg5 33. g4 Ke7 34. Ke3 Nh6 35. Rf1 d6 36. Kf4 Nf7 37. Rb1 Kf6 38. Rd1 Re5 39. Bb5 h6 40. Bc6 Rg5 41. Bb5 Ke7 42. Rb1 Kf6 43. Rd1 Re5 44. Bf1 Ke7 45. Rb1 Kf6 46. Bb5 Ng5 47. Bd3 d5 48. bxa5 bxa5 49. exd5 Nh3+ 50. Kf3 Rxd5 51. Be2 Ng5+ 52. Ke3 Re5+ 53. Kd3 Ne4 54. Kd4 Nd2 55. Re1 Nf3+ 56. Bxf3 Rxe1 57. c4 Ke7 58. Kc5 Re5+ 59. Kb6 Kd6 60. Bc6 Rg5 61. Bb5 Re5 62. Be8 Rc5 63. Bb5 Rc7 64. c5+ Rxc5 65. Kxa5 e5 66. Kb6 e4 67. a5 Rxb5+ 68. Kxb5 e3 0-1

[Event "BUL-chT-B 60th"]
[Site "Albena"]
[Date "2010.05.28"]
[Round "3.1"]
[White "Jovchev, Aleksi"]
[Black "Glavchev, Stanislav"]
[Result "1-0"]
[WhiteElo "2275"]
[BlackElo "2170"]
[PlyCount "94"]
[EventDate "2010.05.27"]
[EventType "team-tourn"]
[EventRounds "9"]
[EventCountry "BUL"]
[SourceTitle "CBM 136 Extra"]
[Source "ChessBase"]
[SourceDate "2010.07.02"]
[SourceVersion "2"]
[SourceVersionDate "2010.07.15"]
[SourceQuality "1"]
[WhiteTeam "Pleven Spartak XXI"]
[BlackTeam "Jambol Tundja"]
[WhiteTeamCountry "BUL"]
[BlackTeamCountry "BUL"]

1. e4 Nc6 2. d4 e5 3. dxe5 Nxe5 4. f4 Nc6 5. Bc4 Bb4+ 6. Bd2 Qh4+ 7. g3 Qe7 8. Qe2 Bxd2+ 9. Nxd2 d6 10. 0-0-0 Nf6 11. Ngf3 0-0 12. Rhe1 Bg4 13. Qg2 Nd7 14. h3 Bxf3 15. Nxf3 Nb6 16. Bb3 a5 17. a4 Qf6 18. e5 dxe5 19. Nxe5 Nxe5 20. Rxe5 Rad8 21. Rxd8 Rxd8 22. Qe4 g6 23. Rxa5 c6 24. Qe5 Qxe5 25. Rxe5 Kf8 26. Re4 Nc8 27. Re2 Nd6 28. Rd2 Ke7 29. Rd4 Ra8 30. g4 h5 31. c3 hxg4 32. hxg4 f6 33. Bc2 g5 34. fxg5 fxg5 35. b4 Rf8 36. c4 Rf4 37. Rxf4 gxf4 38. c5 Nc4 39. Bd3 Ne5 40. Bf5 Kf6 41. Kd2 Nc4+ 42. Ke2 Ne3 43. Bc8 Nd5 44. Bxb7 Nxb4 45. a5 Ke5 46. a6 Nxa6 47. Bxa6 Kd4 1-0

[Event "BUL-chT 59th"]
[Site "Sunny Beach"]
[Date "2009.05.13"]
[Round "6.1"]
[White "Jovchev, Aleksi"]
[Black "Angelov, Georgi Ang"]
[Result "0-1"]
[WhiteElo "2278"]
[BlackElo "2226"]
[PlyCount "90"]
[EventDate "2009.05.08"]
[EventType "team-tourn"]
[EventRounds "7"]
[EventCountry "BUL"]
[SourceTitle "CBM 130 Extra"]
[Source "ChessBase"]
[SourceDate "2009.07.02"]
[SourceVersion "2"]
[SourceVersionDate "2009.07.15"]
[SourceQuality "1"]
[WhiteTeam "Sofia CSKA"]
[BlackTeam "Burgas Lukoil-Neftohimik"]
[WhiteTeamCountry "BUL"]
[BlackTeamCountry "BUL"]

1. d4 c5 2. d5 e5 3. e4 d6 4. Bb5+ Nd7 5. a4 Ngf6 6. Nc3 Be7 7. Nf3 0-0 8. h3 a6 9. Bxd7 Bxd7 10. a5 Bb5 11. b3 b6 12. axb6 Qxb6 13. Nd2 g6 14. Ne2 Nh5 15. 0-0 Nf4 16. c4 Nxe2+ 17. Qxe2 Bd7 18. f4 exf4 19. Rxf4 Rae8 20. Bb2 f5 21. Raf1 Bg5 22. R4f3 Qa5 23. Bc3 Qd8 24. Qf2 Qe7 25. Re1 f4 26. Qf1 Bf6 27. Bxf6 Qxf6 28. Qe2 Re7 29. g3 g5 30. gxf4 gxf4 31. Kh2 Re5 32. Ra1 Bc8 33. Rg1+ Kh8 34. Qg2 Rh5 35. Nb1 Qh6 36. Nc3 Rh4 37. Qf1 Bg4 38. Ne2 Bxf3 39. Qxf3 Qf6 40. Rg2 Qe5 41. Ng1 Re8 42. Re2 Rh6 43. Re1 Rg6 44. Qf2 f3+ 45. Kh1 Rg2 0-1

[Event "BUL-chT 58th"]
[Site "Borovetz"]
[Date "2008.10.07"]
[Round "7"]
[White "Panayotov, Yanko"]
[Black "Jovchev, Aleksi"]
[Result "1-0"]
[WhiteElo "2214"]
[BlackElo "2260"]
[PlyCount "117"]
[EventDate "2008.10.01"]
[EventType "team-tourn"]
[EventRounds "7"]
[EventCountry "BUL"]
[SourceTitle "CBM 126 Extra"]
[Source "ChessBase"]
[SourceDate "2008.11.05"]
[SourceVersion "1"]
[SourceVersionDate "2008.11.05"]
[SourceQuality "1"]
[WhiteTeam "Radnevo Maritsa Iztok"]
[BlackTeam "Sofia CSKA"]
[WhiteTeamCountry "BUL"]
[BlackTeamCountry "BUL"]

1. e4 e5 2. Nf3 Nc6 3. Bc4 Nf6 4. d3 Bc5 5. c3 a6 6. Bb3 Ba7 7. 0-0 d6 8. Nbd2 h6 9. Re1 g5 10. Nf1 g4 11. N3d2 h5 12. Nc4 b5 13. Nce3 h4 14. Nd5 g3 15. hxg3 hxg3 16. Nxg3 Bg4 17. Bg5 Bxd1 18. Nxf6+ Kf8 19. Bxd1 Qc8 20. Bg4 Qb7 21. Nf5 Rd8 22. Nd5 Re8 23. g3 Re6 24. Kg2 Rg8 25. f4 exf4 26. gxf4 Ne5 27. fxe5 Rxg5 28. exd6 cxd6 29. Kf3 Reg6 30. Bh3 f6 31. Nf4 Qh7 32. Rh1 Rh5 33. Bg2 Rxg2 34. Kxg2 Qg8+ 35. Kf3 Rg5 36. Rh6 d5 37. Rxf6+ Ke8 38. exd5 Rg1 39. Rxg1 Qxg1 40. Nd6+ Ke7 41. Ne4 Qd1+ 42. Kg3 Be3 43. d6+ Kd7 44. Rf7+ Kc6 45. Rc7+ Kb6 46. Nd5+ Ka5 47. b4+ Ka4 48. Nxe3 Qe1+ 49. Kf3 Qh1+ 50. Kf2 Qh4+ 51. Ke2 Qh2+ 52. Kf3 Qh1+ 53. Kf4 Qh6+ 54. Kf3 Qh1+ 55. Ng2 Qh3+ 56. Kf2 Qf5+ 57. Kg3 Qg6+ 58. Kh3 Qh6+ 59. Nh4 1-0

[Event "BUL-chT 58th"]
[Site "Borovetz"]
[Date "2008.10.03"]
[Round "3"]
[White "Jovchev, Aleksi"]
[Black "Mladenov, Ilian"]
[Result "1/2-1/2"]
[WhiteElo "2260"]
[BlackElo "2247"]
[PlyCount "109"]
[EventDate "2008.10.01"]
[EventType "team-tourn"]
[EventRounds "7"]
[EventCountry "BUL"]
[SourceTitle "CBM 126 Extra"]
[Source "ChessBase"]
[SourceDate "2008.11.05"]
[SourceVersion "1"]
[SourceVersionDate "2008.11.05"]
[SourceQuality "1"]
[WhiteTeam "Sofia CSKA"]
[BlackTeam "Pleven Spartak XXI"]
[WhiteTeamCountry "BUL"]
[BlackTeamCountry "BRN"]

1. d4 d5 2. Bg5 f6 3. Bf4 c5 4. e3 Nc6 5. Nf3 Bf5 6. Be2 e6 7. 0-0 cxd4 8. exd4 Bd6 9. Be3 Nge7 10. c4 Bxb1 11. Rxb1 dxc4 12. Bxc4 Nd5 13. Bd2 Qd7 14. Re1 0-0 15. Qb3 Kh8 16. a3 Bc7 17. Qd3 Rad8 18. Re4 e5 19. Rh4 g5 20. Rh5 Nb6 21. Bb3 Nxd4 22. Nxd4 exd4 23. Bb4 Rf7 24. Bxf7 Qxf7 25. Rh3 Nd5 26. Qe4 Nf4 27. Rf3 Be5 28. g3 Qd5 29. Qxd5 Nxd5 30. Bd2 g4 31. Rb3 Rd7 32. Rd3 b5 33. Rc1 Nb6 34. b3 Nd5 35. Rc5 a6 36. Rc6 a5 37. Bxa5 Ra7 38. b4 Nc3 39. Kg2 Kg7 40. f4 gxf3+ 41. Kxf3 h5 42. Rc8 Rb7 43. Rd2 Nb1 44. Rd3 Nc3 45. Rd8 Kg6 46. Rc8 Kf7 47. Rc6 Ra7 48. Kg2 Kg6 49. Rc8 Rb7 50. Ra8 Kg7 51. Ra6 Kg6 52. Bb6 Rd7 53. Ra8 Kf5 54. Kf3 Ne4 55. Rd8 1/2-1/2

[Event "BUL-chT 56th"]
[Site "Sunny Beach"]
[Date "2006.10.09"]
[Round "5"]
[White "Jovchev, Aleksi"]
[Black "Bojkov, Dejan"]
[Result "0-1"]
[WhiteElo "2255"]
[BlackElo "2445"]
[PlyCount "68"]
[EventDate "2006.10.05"]
[EventType "team-tourn"]
[EventRounds "7"]
[EventCountry "BUL"]
[SourceTitle "CBM 114 Extra"]
[Source "ChessBase"]
[SourceDate "2006.11.03"]
[SourceVersion "1"]
[SourceVersionDate "2006.11.03"]
[SourceQuality "1"]
[WhiteTeam "Sofia CSKA"]
[BlackTeam "Burgas Lukoil-Neftohimik"]
[WhiteTeamCountry "BUL"]
[BlackTeamCountry "BUL"]

1. d4 Nf6 2. Nc3 d6 3. e4 e5 4. Nge2 c6 5. g3 b5 6. a3 Be7 7. Bg2 Bb7 8. 0-0 Nbd7 9. d5 cxd5 10. exd5 a6 11. h3 Nb6 12. g4 Rc8 13. Ng3 0-0 14. Nf5 Re8 15. Bg5 h6 16. Bxh6 gxh6 17. Nxh6+ Kg7 18. Nf5+ Kf8 19. g5 Ng8 20. h4 Rc4 21. f4 exf4 22. Qh5 Bf6 23. gxf6 Qxf6 24. Rfe1 Rxe1+ 25. Rxe1 Bc8 26. Bh3 Bxf5 27. Bxf5 f3 28. Ne4 f2+ 29. Nxf2 Rxh4 30. Qf3 Qg5+ 31. Kf1 Rf4 32. Qe3 Nc4 33. Qe8+ Kg7 34. Bh3 Qg3 0-1

[Event "BUL-chT 56th"]
[Site "Sunny Beach"]
[Date "2006.10.08"]
[Round "4"]
[White "Jovchev, Aleksi"]
[Black "Panayotov, Yanko"]
[Result "1-0"]
[WhiteElo "2255"]
[BlackElo "2262"]
[PlyCount "105"]
[EventDate "2006.10.05"]
[EventType "team-tourn"]
[EventRounds "7"]
[EventCountry "BUL"]
[SourceTitle "CBM 114 Extra"]
[Source "ChessBase"]
[SourceDate "2006.11.03"]
[SourceVersion "1"]
[SourceVersionDate "2006.11.03"]
[SourceQuality "1"]
[WhiteTeam "Sofia CSKA"]
[BlackTeam "Dimitrovgrad Tradex"]
[WhiteTeamCountry "BUL"]
[BlackTeamCountry "BUL"]

1. d4 e6 2. e4 d5 3. Nc3 Nf6 4. e5 Nfd7 5. f4 c5 6. Nf3 Nc6 7. Be3 Qb6 8. Na4 Qa5+ 9. Nc3 cxd4 10. Nxd4 Bb4 11. Qd2 Nc5 12. Bd3 Na4 13. Nb3 Bxc3 14. Nxa5 Bxd2+ 15. Bxd2 Nxa5 16. Bxa5 Nxb2 17. Bb5+ Bd7 18. Bxd7+ Kxd7 19. Rb1 Nc4 20. Rxb7+ Kc6 21. Rc7+ Kb5 22. Bc3 Rhf8 23. Bd4 Rac8 24. a4+ Kxa4 25. Rxa7+ Kb5 26. Ke2 Kc6 27. Rb1 Rc7 28. Rba1 Rfc8 29. g4 Kd7 30. f5 exf5 31. gxf5 g6 32. Kf3 Rxa7 33. Rxa7+ Rc7 34. Ra6 Nd2+ 35. Kf4 Ne4 36. e6+ Ke7 37. Be5 Rb7 38. c4 f6 39. cxd5 gxf5 40. Kxf5 fxe5 41. Kxe4 Kf6 42. Ra8 Rb4+ 43. Ke3 Rd4 44. Rf8+ Ke7 45. Rf7+ Ke8 46. Rd7 h5 47. d6 h4 48. h3 Rd1 49. Kf3 Rd2 50. Kg4 Rg2+ 51. Kxh4 Rg6 52. Re7+ Kd8 53. Kh5 1-0